000 00353pab a2200145 454500
008 180718b2000 xxu||||| |||| 00| 0 eng d
100 _aRasiah, Rajah
245 _aGlobalization and private capital movements
260 _c2000
300 _ap.943-61
362 _aDec
650 _aGlobalization
773 _aThird World Quarterly
909 _a47466
999 _c47466
_d47466